| Tag |
First Indicator |
Second Indicator |
Subfields |
| LEADER |
00000cam a2200000 4500 |
| 001 |
in00002785731 |
| 005 |
20151202171710.0 |
| 008 |
700324s1969 dcua b 000 0 eng |
| 010 |
|
|
|a 71604948
|
| 035 |
|
|
|a (OCoLC)ocm00062318
|
| 035 |
|
|
|a (OCoLC)62318
|
| 040 |
|
|
|a DLC
|b eng
|c DLC
|d IAS
|d UtOrBLW
|
| 049 |
|
|
|a TXAM
|
| 050 |
0 |
4 |
|a QE75
|b .P9 no. 599-D
|
| 051 |
|
|
|a QE541
|b .W46
|c Copy 2.
|
| 082 |
0 |
4 |
|a 551.1/3
|
| 086 |
0 |
|
|a I 19.16:599-D
|
| 100 |
1 |
|
|a Whitcomb, James H.
|
| 245 |
1 |
0 |
|a Detection of SH-type seismic shear waves by means of angular accelerometers /
|c by James H. Whitcomb.
|
| 264 |
|
1 |
|a Washington :
|b U.S. Govt. Print. Off,
|c 1969.
|
| 300 |
|
|
|a iii, 6 pages :
|b illustrations ;
|c 29 cm.
|
| 336 |
|
|
|a text
|b txt
|2 rdacontent
|
| 337 |
|
|
|a unmediated
|b n
|2 rdamedia
|
| 338 |
|
|
|a volume
|b nc
|2 rdacarrier
|
| 490 |
1 |
|
|a Contributions to astrogeology
|
| 490 |
1 |
|
|a Geological Survey professional paper 599-D
|
| 504 |
|
|
|a Bibliography: page 6.
|
| 650 |
|
0 |
|a Seismic waves.
|
| 650 |
|
0 |
|a Shear waves.
|
| 830 |
|
0 |
|a Contributions to astrogeology.
|
| 830 |
|
0 |
|a Geological Survey professional paper ;
|v 599-D.
|
| 948 |
|
|
|a cataloged
|b h
|c 2012/12/6
|d c
|e mvaldespin
|f 02:56:00 pm
|
| 994 |
|
|
|a C0
|b TXA
|
| 999 |
|
|
|a MARS
|
| 999 |
f |
f |
|s f5634e01-5ed4-3abd-bfe6-0de0bc2b1de8
|i c230c2f1-5efa-3dc8-808b-8cb4e12c8942
|t 0
|
| 952 |
f |
f |
|p normal
|a Texas A&M University
|b College Station
|c Sterling C. Evans Library
|d Evans: US Documents (Annex 5th floor)
|t 0
|e I 19.16:599-A-J
|h Superintendent of Documents classification
|i unmediated -- volume
|m A14839368212
|
| 952 |
f |
f |
|a Texas A&M University
|b College Station
|c Sterling C. Evans Library
|d Evans: US Documents (Annex 5th floor)
|t 0
|e I 19.16:599-A-J
|h Superintendent of Documents classification
|
| 998 |
f |
f |
|a I 19.16:599-A-J
|t 0
|l Evans: US Documents (Annex 5th floor)
|